LEADER 00980nam0 2200265 450 001 000018356 005 20090318140900.0 100 $a20081029d1978----km-y0itay50------ba 101 0 $aita 102 $aIT 105 $ay-------101zy 200 1 $aRiforma tributaria e diritto commerciale$ele fattispecie$eatti del convegno$eMacerata, 12-13 novembre 1976 210 $aMilano$cA. Giuffrè$d1978 215 $aIV, 268 p.$d25 cm 225 2 $aPubblicazioni della Facoltà di Giurisprudenza$fUniversità di Macerata$h2. ser. 410 0$12001$aPubblicazioni della Facoltà di Giurisprudenza 500 10$aRiforma tributaria e diritto commerciale$955540 610 1 $aTributi$aRiforma$aCongressi$a1976 676 $a346.7$9Diritto privato, diritto civile 801 0$aIT$bUNIPARTHENOPE$c20081029$gRICA$2UNIMARC 912 $a000018356 951 $a321/110$b390$cNAVA2 951 $a321/83$b5659$cNAVA2 996 $aRiforma tributaria e diritto commerciale$955540 997 $aUNIPARTHENOPE LEADER 01082nam0-22003851i-450- 001 990005535630203316 005 20050718120000.0 035 $a000553563 035 $aUSA01000553563 035 $a(ALEPH)000553563USA01 035 $a000553563 100 $a20050718d1967-------|0enac50------ba 101 $aeng 102 $aGB 105 $a|||| ||||| 200 1 $aAlgebra$fSaunders Mac Lane, Garrett Birkhoff 210 $aNew York$cCollier Macmillan International Edition$dc1967 215 $axv, 586 p.$cill.$d24 cm. 606 $aAlgeria$xGuide$2FI 620 $dLondon 676 $a512$cAlgebra$v21 700 1$aMAC LANE,$bSaunders$026298 701 1$aBIRKHOFF,$bGarrett$013068 712 $aMacmillan 801 $aIT$bSOL$c20120104 912 $a990005535630203316 950 $aDIP.TO SCIENZE ECONOMICHE - (SA)$dDS 500 512 MAC$e430 DISES 951 $a500 512 MAC$b430 DISES 959 $aBK 969 $aDISES 979 $c20121027$lUSA01$h1532 979 $c20121027$lUSA01$h1613 996 $aAlgebra$918331 997 $aUNISA NUM $aUSA15715